Представление документа в формате MARC21

Поле Инд. ПП Название Значение
Тип записи a
Библиографический уровень m
001 Контрольный номер RU/IS/BASE/392398412
005 Дата корректировки 20220922142939.7
040 b Код языка каталог. rus
041 0_ a Код языка текста rus
080 a Индекс УДК 004.42
084 a Индекс другой классификации/Индекс ББК 32.973.26-018.2
090 a Полочн. индекс 681.3
x Авторский знак У63
097 b Оператор 11
100 1_ a Автор Уолш Д.
245 10 a Заглавие Руководство по созданию документации для математического обеспечения
c Ответственность пер. с англ. ; под. ред. Н. И. Козлова
260 a Место издания М.
b Издательство Наука
c Дата издания 1975
300 a Объем 128 с.
440 _0 a Серия Библиотечка программиста
510 0_ a Примечание о ссылках Книги и методические пособия
650 04 a Основная рубрика 50.41 Программное обеспечение вычислительных машин, комплексов и сетей
x Основная подрубрика 50.41.17 Системное программное обеспечение
653 0_ a Ключевые слова математическое обеспечение ЦВМ; вычислительная техника
901 t Тип документа m